000 00478nam a2200145Ia 4500
008 230917s9999||||xx |||||||||||||| ||und||
040 _e42080
_aMAIN
041 _aEnglish
082 _a973.917 S38A
100 _aSchlesinger, Arthur M
245 4 _aThe age of Roosevelt 3 V. V1: The crisis of the old order. V2:the coming of the new deal V3:The politics of upheaval
260 _aBoston
_bHoughton Mifflin
_c1959
300 _axiv, 557 p. ; xii, 749 ; xii, 669
942 _cBK
999 _c186142
_d186142